Statistics for Name these tv shows from set photos

Click here to take the quiz!

General Stats

  • This quiz has been taken 63 times
    (16 since last reset)
  • The average score is 14 of 44

Answer Stats

Answer% Correct
Friends
100%
SpongeBob Squarepants
100%
The Simpsons
100%
Family Guy
83%
Modern Family
75%
Stranger Things
67%
The office
67%
Big Bang Theory
58%
Breaking Bad
58%
Dance Moms
58%
Game of Thrones
50%
Phineas and Ferb
50%
How I met your mother
42%
The Great British Bakeoff
42%
Avatar: The Last Airbender
33%
Brooklyn 99
33%
H2o
33%
Prison Break
33%
Rick and Morty
33%
That 70s Show
33%
The Fresh Prince of Belair
33%
Bo Jack Horseman
25%
Gilmore Girls
25%
Steven Universe
25%
The Flash
25%
Bob's Burgers
17%
Parks and Recreation
17%
Pokémon
17%
The Walking Dead
17%
Wednesday
17%
Arrow
8%
Desperate Housewives
8%
Gossip Girl
8%
Once Upon a Time
8%
Ru Paul's Drag Race
8%
Vampire Diaries
8%
Gotham
0%
She-ra
0%
Sherlock
0%
Teen Wolf
0%
The Dragon Prince
0%
The Legend of Korra
0%
The Owl House
0%
The Umbrella Academy
0%

Score Distribution

Percentile by Number Answered

Percent of People with Each Score

Your Score History

You have not taken this quiz since the last reset